Quizzes
Events
Quiz Creation
Community
Videos
Private Events
Remove Ads
Sign In
Join for FREE
Feedback
Dark Mode
Quiz Categories
Sports
Geography
Music
Movies
Television
Just For Fun
Miscellaneous
History
Literature
Language
Science
Gaming
Entertainment
Religion
Holiday
For Kids
Quiz Lab
Recent
Popular Today
Quiz Kudos Today
Editor Picks
Curator Picks
Quizzes by...
Day
Popularity
Type
Ratings
Length
Year
Community
Subscriptions
Recent Discussions
Orange Saloon
Badges
Playlists
Quests
Create
Leaderboards
Showdown
Live 5
Trivia Bingo
Activity
Puzzle Library
Sporcle Events
Private Events
Virtual Trivia
Globe League
Become a Host
Pub Owners
SporcleCon
Opinionation
Our Games
Videos
Blog
Mobile Apps
Partnerships
Remove Ads and Go Orange
Feedback
Television
TV Characters
TV Show
Sitcom
Network
Friends
Reality Shows
Cast
South Park
Star Trek
The Simpsons
Doctor Who
Television
TV Characters
TV Show
Sitcom
Network
Friends
Reality Shows
Cast
South Park
Star Trek
The Simpsons
Doctor Who
Random Quiz
Search Sporcle
×
Curator Pick
Curator Pick
Television
Follow That Line
Select answers by clicking on text or image buttons
Select answers by clicking on text or image buttons
Clickable
Best Score? Go Orange.
Follow that Line: Game of Thrones (season 4) Stats
Follow that Line: Game of Thrones (season 4)
By
EmmaGM
10m
21 Questions
4,810 Plays
4,810 Plays
4,810 Plays
Comments
Comments
Give Quiz Kudos
Give Quiz Kudos
-
- Ratings
hide this ad
Forced Order
Answers have to be entered in order
Answers have to be entered in order
Replay
Link that replays current quiz
Next Quiz
Link to next quiz in quiz playlist
You Got
0%
They Got
Avg Score
90%
Avg Friend Score
Upgrade to see
Score Distribution
Jump to the score distribution portion of the page
Score
0/21
Timer
10:00
0
Plays Today
% Correct
The king is never safe.
96.3%
I am your son. I have always been your son.
96%
Valar Dohaeris. Of course, you shall have a cabin.
95.9%
A bolt in the heart buys it forever.
95.9%
I hope to hear them sing it one day.
95.7%
I'll last longer than you.
95.7%
Nothing is just nothing.
95.6%
Your sister.
95.1%
And mine are long and sharp, my lord, as long and sharp as yours.
95%
When it comes to love, I don't choose sides.
94.6%
No one weeps for spiders or wh*res.
94.5%
% Correct
Watching your vicious bastard die, gave me more relief than a thousand lying wh*res.
93.2%
I'm going to kill that.
92.6%
Always keep your foes confused.
91.4%
He's dead. He killed my friend Grenn.
91%
He would have been your nightmare.
90.5%
Every time I use it, it'll be like cutting off Ned Stark's head all over again.
90.2%
Doesn't seem right.
89.7%
Careful, I'm the last friend you've got.
87.5%
Someone is.
78.2%
Grenn came from a farm.
72.8%
Quiz Playlist
Details
Report
Send in Message
Add To Playlist
Clickable:
Select answers by clicking on text or image buttons
Forced Order:
Answers have to be entered in order
Last Updated: Aug 16, 2017
Curator Pick in
Follow That Line
Quiz Scoreboard
CHALLENGE
Sign Up to Join the Scoreboard
Show All
Scores
Hide
Comments
May contain spoilers
Recently Published
Presidents Visiting Landmarks
by Hejman
History
7m
An Introduction to Baseball
by treessimontrees
Sports
5m
Movies - When Are They Set?
by FPL_Elf
Movies
5m
More to Explore
Quiz From the Vault
Featured Blog Post
Where Did the Easter Bunny Come From?
hide this ad
You Might Also Like...
Tags
Clickable Quiz
Follow That Line Quiz
Follow
season
throne
Today's Top Quizzes in Television
Browse Television
hide this ad
Today's Top Quizzes in Follow That Line
Browse Follow That Line
Top Contributed Quizzes in Television
1
One Piece Logic Puzzle
2
5-to-1: The Simpsons Families
3
Survivor Logic Puzzle: Heroes vs. Villains
4
5-to-1: Television Doctors
5
7-to-1: TV Show Settings
6
Survivor Seasons
7
5-to-1: Streaming Originals
8
Survivor Season by Logo
9
One Thing in Common: Television
10
TV Shows by First Names
Explore More
Trending Topics
Crossword
Kpop
Anime
Harry Potter
Disney
NBA
Marvel
NFL
Song
Country
WWE
Puzzle
The Office
Soccer
Pokémon
hide this ad
More By:
EmmaGM
Quiz
Plays
Rating
Category
Featured
Created
Follow that Line: Friends (season 4)
10,784
4.91
Television
Apr 21, 2015
Follow that Line: Friends (season 2)
10,029
4.68
Television
Apr 20, 2015
Follow that Line: Friends (season 7)
9,890
4.47
Television
Jun 28, 2015
Follow that Line: Friends (season 3)
8,732
4.83
Television
Apr 20, 2015
Follow that Line: Friends (season 8)
8,403
4.75
Television
Jun 29, 2015
Go to Creator's Profile
Score Distribution
Quiz Creator Spotlight
EmmaGM
Follow
Send a Message
Quizzes Created
-
Created Quiz Play Count
-
More By This Creator
Popular Quizzes Today
1
Find the Countries of Europe - No Outlines Minefield
2
Find the US States - No Outlines Minefield
3
The Countries of the World
4
Popular People in 1961
5
Find the US States
6
US States
7
Risky Map Clicking: Biggest States A-Z
8
1-10 Letter E Words III
More Television Quizzes
Deaths in American Horror Story
Curator's Pick
Trending Quizzes
Risky Map Clicking: Least Populous States A-Z
1-10 Letter F Words
1-10 Letter G Words
One Thing in Common: United Kingdom
Risky Map Clicking: Next State Alphabetically
Recently Updated
Leaping Animals
pecheneg
Reality TV Shows (A-Z)
bhenderson79
Rickey Henderson's Hall of Fame Teammates
pecheneg
Champions League XIs: Arsenal
pecheneg
Quick Pick: Celebrities in WWE's Hall of Fame
aduchscher
A-Z Keypad Blitz II
pecheneg
Multiple Oscar Actors
pecheneg
Mystery Phrase Blitz: Oscar 'Best Actors'
pecheneg
F. Scott Fitzgerald Novels
LTH
Pick 3 Villains
ddd62291
Trending Topics
Marvel
Anime
NBA
Kpop
Disney
Harry Potter
Crossword
Song
Puzzle
Soccer
Country
NFL
WWE
Pokémon
The Office
Your Account Isn't Verified!
In order to create a playlist on Sporcle, you need to verify the email address you used during registration. Go to your
Sporcle Settings
to finish the process.
Report this User
Report this user for behavior that violates our
Community Guidelines
.
Details:
Send Report
Go to the Sporcle.com Mobile Site →
Comments